| 000 | 01126nas a2200277 a 4500 | ||
|---|---|---|---|
| 005 | 20170130151203.0 | ||
| 008 | 881109u19589999ck x p r f0 0b0spa d | ||
| 022 | _a0120-0798 | ||
| 040 |
_aCO-BoBLA _cCO-BoBLA |
||
| 041 | 0 | _aspa | |
| 044 | _ack | ||
| 090 | _aSE | ||
| 245 | 0 | 0 |
_aAcodal : _bAsociación Colombiana de Ingeniería Sanitaria y Ambiental |
| 246 | 1 | _aAsociación Colombiana de Acueductos y Alcantarillados. | |
| 246 | 1 | 4 | _aAcodal revista |
| 260 |
_aBogotá : _bAsociación Colombiana de Ingeniería Sanitaria y Ambiental, _c1958- |
||
| 300 |
_bilustraciones ; _c24 x 21 cm. |
||
| 310 | _au | ||
| 650 | 4 |
_aAcueductos _zColombia _vPublicaciones seriadas |
|
| 650 | 2 | 6 |
_aEvacuación de aguas residuales _zColombia _vPublicaciones seriadas |
| 651 | 2 | 4 |
_aBogotá (Colombia) _vPublicaciones seriadas _zPublicaciones seriadas. |
| 651 | 2 | 4 |
_aColombia _vPublicaciones seriadas |
| 710 | 2 |
_aAsociación Colombiana de Acueductos y Alcantarillados : _c(Bogotá) |
|
| 710 | 2 | _aACODAL (Asociación colombiana de ingeniería sanitaria y ambiental) | |
| 942 |
_2z _cREVISTA _s1 |
||
| 999 |
_c19258 _d19258 |
||